Kitab Al-Shukuk Ala Jalinus / (Record no. 788)

000 -LEADER
fixed length control field nam a22 a 4500
005 - DATE AND TIME OF LATEST TRANSACTION
control field 20170505112525.0
008 - FIXED-LENGTH DATA ELEMENTS--GENERAL INFORMATION
fixed length control field 170505s1993 my ||||| |||| 00| 0 eng d
040 ## - CATALOGING SOURCE
Original cataloging agency AKMAL
082 ## - DEWEY DECIMAL CLASSIFICATION NUMBER
Classification number 297 RAZ
090 ## - LOCALLY ASSIGNED LC-TYPE CALL NUMBER (OCLC); LOCAL CALL NUMBER (RLIN)
Classification number (OCLC) (R) ; Classification number, CALL (RLIN) (NR) 297
Local cutter number (OCLC) ; Book number/undivided call number, CALL (RLIN) RAZ
100 00 - MAIN ENTRY--PERSONAL NAME
Personal name Muhammad ibn Zakariyya al-Razi
9 (RLIN) 1714
245 ## - TITLE STATEMENT
Title Kitab Al-Shukuk Ala Jalinus /
Statement of responsibility, etc. Muhammad ibn Zakariyya al-Razi, edited by Mehdi Mohaghegh
260 ## - PUBLICATION, DISTRIBUTION, ETC.
Place of publication, distribution, etc. Kuala Lumpur ;
Name of publisher, distributor, etc. The International Instittute of Islamic Thought and Civilization (ISTAC)
Date of publication, distribution, etc. 1993
300 ## - PHYSICAL DESCRIPTION
Extent various paging :
Dimensions 20cm
650 #0 - SUBJECT ADDED ENTRY--TOPICAL TERM
Topical term or geographic name entry element Islam Customs and practices
9 (RLIN) 1715
650 #0 - SUBJECT ADDED ENTRY--TOPICAL TERM
Topical term or geographic name entry element Religious life
General subdivision Islam
9 (RLIN) 819
700 00 - ADDED ENTRY--PERSONAL NAME
Personal name Mehdi Mohaghegh
Relator term editor.
9 (RLIN) 1716
942 ## - ADDED ENTRY ELEMENTS (KOHA)
Source of classification or shelving scheme
Koha item type Book
950 ## - LOCAL HOLDINGS (RLIN)
Permanent shelving location, LOC (RLIN) AKMAL
Holdings
Withdrawn status Lost status Source of classification or shelving scheme Damaged status Not for loan Collection code Home library Current library Shelving location Date acquired Inventory number Total Checkouts Full call number Barcode Date last seen Price effective from Koha item type
          NON-FICTION AKMAL Melaka AKMAL Melaka PINJAMAN 05.05.2017 00582   297 RAZ 201701716 05.05.2017 05.05.2017 Book
Pusat Sumber Maklumat Dato' Haji Sarmin Md Hussin, Akademi Kastam Diraja Malaysia, Melaka
Tel: 06-2331106 | Faks: 06-2313787